Sitcom Characters - Statistics

General Stats
  • This quiz has been taken 67 times
  • The average score is 10 of 16
Answer Stats
Picture Answer % Correct
Friends
100%
The Office
92%
The Big Bang Theory
88%
Modern Family
81%
How I Met Your Mother
80%
2 Broke Girls
75%
Seinfeld
73%
Parks and Recreation
63%
Scrubs
61%
Cheers
51%
Everybody Loves Raymond
41%
30 Rock
39%
Community
32%
Home Improvement
32%
Family Matters
31%
Family Ties
24%
No matching quizzes found
Score Distribution
Percent of People with Each Score
Percentile by Number Answered
Your Score History
You have not taken this quiz